00465nam a2200205Ia 4500003000400000005001700004006001900021007000300040008004100043024001100084037001200095040001800107041001300125082001300138100001700151245001700168250000800185260005800193300000800251OSt20221007102932.0a|||||r|||| 00| 0 ta221006b |||||||| |||| 00| 0 eng d a11,795 cTextual aLCOcLCObeng 2engaeng aV1:5, P2 aAgarwal H.O. 0aHuman Rights a5th aAllahabadbCentral Law Publications India c2002 a288